Trouve le nom des Chanteuse - Statistiques

Statistiques générales
  • Ce quiz a été pris 197 fois
  • Le résultat moyen est 14 sur 16
Statistiques - réponses
Par images Réponse % Correct
Celine dion
96%
Louane
96%
Rihanna
96%
Ariana grande
93%
Lady gaga
93%
Shakira
93%
Beyoncé
92%
Taylor Swift
90%
Zaz
89%
Vanessa Paradis
86%
Billie eilish
85%
Mylène farmer
74%
Miley Cyrus
73%
Shy'm
71%
Madonna
66%
Joyce Jonathan
57%
Aucun quiz correspondant
Distribution des résultats
% des personnes avec chaque résultat
Percentile par nombre de réponses
Votre historique - résultats
Vous n’avez pas pris ce quiz